000 00643nam a2200229Ia 4500
003 OSt
005 20220923225722.0
006 a|||||r|||| 00| 0
007 ta
008 Pun
024 _a274,081
037 _cTextual
040 _aARTS
_cARTS
_bPun
041 _2Pun
_aPun
082 _aY73(P153):351, 153K4;M6
100 _aਦਲੇਰ, ਅਵਤਾਰ ਸਿੰਘ
_9156315
245 0 _aਪੰਜਾਬੀ ਲੋਕ ਗੀਤ
260 _c1964
650 _aਸਮਾਜ Fਾਸਤਰ
942 _hY73(P153):351, 153K4;M6
_cTEXL
_2CC
999 _c379974
_d379974